000 00765nam a2200193 a 4500
001 2032047
003 AM-YEHGA
005 20251107142030.0
008 250919s1933 fr |||gr|||||00||0|arm|d
040 _aAM-YEHGA
041 0 _aarm
245 0 0 _aԿազմակերպական կանոններ ։
_b(Հաստատուած ԺԲ․ Ընդհ․ ժողովին կողմէ) /
_cՀ․ Յ․ Դաշնակցութիւն․
260 _aՓարիզ ։
_bԱ․ հ․,
_c1933
300 _a25 էջ
650 1 5 _aԿուսակցություններ
_xՀայ հեղափոխական դաշնակցություն
650 1 5 _aՀայ Հեղափոխական Դաշնակցություն
_xԿանոնագիրք
710 2 _aՀ․ Յ․ Դաշնակցութիւն
942 _2udc
_cBK
999 _c537093
_d537093